1829 1538 1417 1534 1780 1848 1337 1626 1581 1845 1233 1516 1836 1786 1051 1261 1102 1651 1260 1149 1900 1650 1693 1019 1488 1879 1965 1889 1771 1108 1844 1703 1169 1465 1539 1469 1612 1674 1394 1578 1557 1603 1851 1321 1167 1445 1800 1957 1501 1399 1036 1478 1987 1953 1845 1263 1987 1925 1359 1460 1675 1536 1051 1444 1916 1593 1711 1601 1222 1079 1084 1470 1209 1909 1640 1093 1273 1791 1123 1879 1077 1991 1542 1487 1144 1833 1909 1300 1697 1687 1578 1652 1410 1176 1677 1571 1526 1543 1152 BCNSPRNW ULIB Ver.6.0+V

เปลี่ยนเป็นภาษาไทย

Change to English
 แสดงรายละเอียดบรรณานุกรม
  กลับหน้าหลัก

Brief Record : Get Marc (ISO 2709) : E-mail record : QR code < ปิดหน้าต่าง
LEADER : 00000nam 2200000uu 4500
001    13399126109
003     ULIB
008    020711s2556 th a 000 0 tha d
020    ^a9786167742144
060    ^aWB537^bม686ค
110    ^aมูลนิธิเพื่อเด็กพิการ(มพก)
245    ^aคัมภีร์แผนนวดในตำราเวชศาสตร์ฉบับหลวงรัชกาลที่ 5/^cมูลนิธิเพื่อเด็กพิการ(มพก)
260    ^aกรุงเทพฯ :^bมูลนิธิเพื่อเด็กพิการ(มพก),^c2556
300    ^a136 หน้า;^b26 ซม.
650    ^aการนวดไทย
945    ^p450^l0^i004165
945    ^p450^l0^i004166
945    ^p450^l0^i004167
945    ^p450^l0^i004168
945    ^p450^l0^i004169
999    ^aประนอม เกษจรัล
รายการนี้ยังไม่มีแท็ก
คุณยังไม่ได้ล็อกอิน คุณสามารถมีกิจกรรมร่วมกับเว็บไซต์ได้ แต่ต้องล็อกอินก่อน ::
  ล็อกอิน

รายการสื่อสารสนเทศ

ลำดับที่ ประเภท เลขเรียก/บาร์โค้ด สถานที่ สถานะ
1. วิทยาศาสตร์การแพทย์ และสุขภาพ
หนังสือสำรอง
สถานะ=หนังสือสำรอง
WB537 ม686ค ฉ.1 
  Barcode: 004165
ห้องสมุดวิทยาเขตสวรรค์ประชารักษ์
►ส่วนจัดเก็บหนังสือเก่า สปร
บนชั้น
  ขอยืม
2. วิทยาศาสตร์การแพทย์ และสุขภาพ
วิทยาศาสตร์การแพทย์ และสุขภาพ
WB537 ม686ค ฉ.2 
  Barcode: 004166
ห้องสมุดวิทยาเขตสวรรค์ประชารักษ์
►ส่วนจัดเก็บหนังสือเก่า สปร
บนชั้น
  ขอยืม
3. วิทยาศาสตร์การแพทย์ และสุขภาพ
วิทยาศาสตร์การแพทย์ และสุขภาพ
WB537 ม686ค ฉ.3 
  Barcode: 004167
ห้องสมุดวิทยาเขตสวรรค์ประชารักษ์
►ส่วนจัดเก็บหนังสือเก่า สปร
บนชั้น
  ขอยืม
4. วิทยาศาสตร์การแพทย์ และสุขภาพ
วิทยาศาสตร์การแพทย์ และสุขภาพ
WB537 ม686ค ฉ.4 
  Barcode: 004168
ห้องสมุดวิทยาเขตสวรรค์ประชารักษ์
►ส่วนจัดเก็บหนังสือเก่า สปร
บนชั้น
  ขอยืม
5. วิทยาศาสตร์การแพทย์ และสุขภาพ
วิทยาศาสตร์การแพทย์ และสุขภาพ
WB537 ม686ค ฉ.5 
  Barcode: 004169
ห้องสมุดวิทยาเขตสวรรค์ประชารักษ์
►ส่วนจัดเก็บหนังสือเก่า สปร
บนชั้น
  ขอยืม

รายการใกล้เคียง
    หัวเรื่อง [การนวดไทย]

BibComment


ยังไม่เคยถูกคอมเมนท์

คอมเมนท์ทรัพยากรรายการนี้
  คอมเมนท์: คัมภีร์แผนนวดในต..


 Copyright 2026. Bcnsprnw @Library